000 01007nam a2200241Ia 4500
001 10028
003 GE_BSU
008 181216s||||||||xx |||||||||||||| ||und||
040 _cGE_BSU
080 _a821.353.1–32
100 _aჟღენტი,სულიკო
245 _aკიდევაც დაიზრდებიან...პირველი სიყვარული.თამაზის ნაამბობი
245 _bმოთხრობები
245 _cრედ.ნ.ნოღაიდელი.მხატვ.ლ.სეიდიშვილი
260 _aბათუმი
260 _bსახელმწიფო გამომცემლობა
260 _c1962
300 _a192გვ.21სმ.
653 _aკიდევაც დაიზრდებიან
653 _aმოთხრობები
653 _aპირველი სიყვარული.თამაზის ნაამბობი
942 _cBK
999 _c43301
_d43301